Catalog

Record Details

Catalog Search



Equal access to quality education for Roma : monitoring reports. Volume I Cover Image Book Book

Equal access to quality education for Roma : monitoring reports. Volume I

Record details

  • ISBN: 978-1-891385-65-0
  • Physical Description: 618 stran
  • Edition: Second edition
  • Publisher: Budapest : Open society institute, 2007

Available copies

  • 1 of 1 copy available at Common Catalog SPOK.

Holds

  • 0 current holds with 1 total copy.
Show All Copies
Location Call Number / Copy Notes Barcode Shelving Location Status Due Date
Varianty Cho Eq 4605401614 Šafaříkova 17 - 5. patro, chodba Available -

LDR nam a22 i 4500
00132034
003CZ-PrJAB
00520190603123415.0
007ta
008 s2007 hu e 000 0 eng
020 . ‡a978-1-891385-65-0
040 . ‡aABH006 ‡bcze ‡erda
24500. ‡aEqual access to quality education for Roma : ‡bmonitoring reports. ‡nVolume I
250 . ‡aSecond edition
264 1. ‡aBudapest : ‡bOpen society institute, ‡c2007
300 . ‡a618 stran
336 . ‡atext ‡btxt ‡2rdacontent
338 . ‡asvazek ‡bnc ‡2rdacarrier
6530 . ‡aRomové ‡avzdělávání ‡arovný přístup ‡aBulharsko ‡aMaďarsko ‡aRumunsko ‡aSrbsko
910 . ‡aABH006
901 . ‡a32034 ‡b ‡c32034 ‡tbiblio

Additional Resources